Využitie hedgingu na Slovensku

Odpoveď na otázku týkajúcu sa prípadu ak štát nie je schopný uskutočniť hedging na svoje obchody, aké sú možnosti využitia hedgingu na Slovensku. Problémy uskutočňovania derivátových obchodov. Podmienky obchodovania s finančnými derivátmi na Slovensku.

Guardado en:
Detalles Bibliográficos
Autor principal: Nagyová, Lívia
Formato: Capítulo de libro
Lenguaje:eslovaco
Materias:
Etiquetas: Agregar Etiqueta
Sin Etiquetas, Sea el primero en etiquetar este registro!

MARC

LEADER 00000naa$a2200000$$$4500
001 0022251
005 20221207121648.1
041 0 |a slo 
044 |a SK 
245 1 0 |a Využitie hedgingu na Slovensku  |c Lívia Nagyová 
520 |a Odpoveď na otázku týkajúcu sa prípadu ak štát nie je schopný uskutočniť hedging na svoje obchody, aké sú možnosti využitia hedgingu na Slovensku. Problémy uskutočňovania derivátových obchodov. Podmienky obchodovania s finančnými derivátmi na Slovensku. 
610 2 0 |a obchody termínové 
610 2 0 |a obchody opčné 
610 2 0 |a deriváty 
610 2 0 |a forwardy 
610 2 0 |a swap 
610 2 0 |a opcie 
610 2 0 |a trh finančný 
610 2 0 |a Slovensko 
100 1 |a Nagyová, Lívia